Teintes de bleu - Statistiques

Statistiques générales
  • Ce quiz a été pris 197 fois
  • Le résultat moyen est 8 sur 23
Answers on the Grid
Answers color-coded by a green-red scale on the quiz's grid according to % correct below.
Azur
Cobalt
Lavande
Marine
Saphir
Carmin
Encre
Jade
Nuit
Veronèse
Ciel
Aigue marine
Prasin
Acier
Fuschia
Indigo
De prusse
Magenta
Petrole
Roi
Chrome
Militaire
Cyan
Dragée
Absinthe
Paon
Sarcelle
Turquoise
Tilleul
Majorelle
Viride
Persan
Malachite
Vermillon
Pervenche
Moutarde
Corail
Denim
Mineral
Amande
 
Statistiques - réponses
Réponse % Correct
Azur
95%
Marine
80%
Cobalt
61%
Ciel
59%
Nuit
59%
Turquoise
58%
Saphir
56%
Cyan
55%
Indigo
45%
Roi
44%
Aigue marine
31%
Encre
31%
Petrole
25%
Denim
19%
De prusse
19%
Pervenche
17%
Mineral
14%
Persan
14%
Paon
11%
Majorelle
8%
Sarcelle
8%
Acier
6%
Dragée
3%
Aucun quiz correspondant
Distribution des résultats
% des personnes avec chaque résultat
Percentile par nombre de réponses
Votre historique - résultats
Vous n’avez pas pris ce quiz